La importancia de la tipicidad en derecho penal
Պահպանված է:
| Հիմնական հեղինակ: | |
|---|---|
| Ձևաչափ: | Գիրք |
| Լեզու: | իսպաներեն |
| Հրապարակվել է: |
Buenos Aires
Depalma
1960
|
| Խորագրեր: | |
| Ցուցիչներ: |
Ավելացրեք ցուցիչ
Չկան պիտակներ, Եղեք առաջինը, ով նշում է այս գրառումը!
|
MARC
| LEADER | 00000nam a2200000 a 4500 | ||
|---|---|---|---|
| 001 | UCS0303 | ||
| 003 | CL-VaPUC | ||
| 008 | 970418e19600000AG |||||||||||||||||spa|d | ||
| 082 | 0 | 4 | |a 345.02 |b FOL |2 21 |
| 100 | 0 | |a Folchi, Mario O |e author |9 383594 | |
| 245 | 1 | 3 | |a La importancia de la tipicidad en derecho penal |
| 300 | |a 152 p | ||
| 942 | |c BK | ||
| 945 | |d 19970418 00:00:00 |a paguirre | ||
| 260 | |a Buenos Aires |b Depalma |c 1960 | ||
| 650 | 0 | |a Delitos |9 224143 | |
| 650 | 7 | |a DERECHO PENAL |2 CL-VaPUC |9 11 | |
| 650 | 7 | |a TIPICIDAD |2 CL-VaPUC |9 258099 | |
| 650 | 7 | |a TENTATIVA |2 CL-VaPUC |9 383364 | |
| 650 | 0 | |a Responsabilidad penal |9 254899 | |
| 583 | |a last modification |c 19970418 00:00:00 |k Rodrigo Vera | ||
| 999 | |c 258537 |d 258535 | ||
| 952 | |0 0 |1 0 |4 0 |6 345_020000000000000_FOL_1960 |7 0 |8 A |9 282707 |a BIBDER |b BIBDER |d 2019-11-19 |i 1833464 |o 345.02 FOL 1960 |p 1833464 |r 2023-01-25 |w 2019-11-19 |y BK |k DER | ||